Sixth grade secrets / (Record no. 3813)

MARC details
000 -LEADER
fixed length control field 00819nam a22002537a 4500
001 - CONTROL NUMBER
control field 3813
003 - CONTROL NUMBER IDENTIFIER
control field FISKH
005 - DATE AND TIME OF LATEST TRANSACTION
control field 20240521083040.0
008 - FIXED-LENGTH DATA ELEMENTS--GENERAL INFORMATION
fixed length control field 240510b cb ||||| |||| 00| 0 eng d
040 ## - CATALOGING SOURCE
Original cataloging agency FISK
Language of cataloging eng
Transcribing agency FISK
Modifying agency FISK
050 ## - LIBRARY OF CONGRESS CALL NUMBER
Classification number PZ7.S1185
082 ## - DEWEY DECIMAL CLASSIFICATION NUMBER
Classification number 813.54
100 ## - MAIN ENTRY--PERSONAL NAME
Personal name Sachar Louis
Dates associated with a name 1954-
245 ## - TITLE STATEMENT
Title Sixth grade secrets /
Statement of responsibility, etc. Louis Sachar
260 ## - PUBLICATION, DISTRIBUTION, ETC.
Place of publication, distribution, etc. New York :
Name of publisher, distributor, etc. Scholastic,
Date of publication, distribution, etc. 1987
300 ## - PHYSICAL DESCRIPTION
Extent 201 pages :
Dimensions 20 cm
505 ## - FORMATTED CONTENTS NOTE
Formatted contents note H
520 ## - SUMMARY, ETC.
Summary, etc. When Laura Sibbie starts a club called Pig City, she incites a near-war among her sixth-grade classmates and generates the creation of a rival club that has designs on Pig City's precious box of secrets.
521 8# - TARGET AUDIENCE NOTE
Target audience note 520
Source Lexiles
521 8# - TARGET AUDIENCE NOTE
Target audience note H
Source Raz-Plus
700 ## - ADDED ENTRY--PERSONAL NAME
Personal name Louis Sachar
942 ## - ADDED ENTRY ELEMENTS (KOHA)
Source of classification or shelving scheme Dewey Decimal Classification
Koha item type Books
Suppress in OPAC No
Holdings
Withdrawn status Lost status Source of classification or shelving scheme Damaged status Not for loan Collection Home library Current library Shelving location Date acquired Total Checkouts Full call number Barcode Date last seen Copy number Price effective from Koha item type
    Dewey Decimal Classification     Fiction Footprints International School Library Network Toul Kork Campus Footprints International School Library Network Toul Kork Campus   05/10/2024   SAC PZ7.S1185 813.54 2024-0605 05/10/2024 1 05/10/2024 Books
    Dewey Decimal Classification     Fiction Footprints International School Library Network Toul Kork Campus Footprints International School Library Network Toul Kork Campus   05/17/2024   SAC PZ7.S1185 813.54 2024-0633 05/17/2024 2 05/10/2024 Books